[Event "Berliner Sommer 16th"]
[Site "Berlin"]
[Date "1998.??.??"]
[Round "2"]
[White "Piarnpuu, Leili"]
[Black "Chuchelov, Vladimir"]
[Result "0-1"]
[WhiteElo "2275"]
[BlackElo "2540"]

1.Nf3 Nf6 2.d4 e6 3.c4 b6 4.g3 Ba6 5.b3 d5 6.cxd5 exd5 7.Bg2 Bb4+ 8.Bd2 Be7
9.Nc3 O-O 10.O-O Bb7 11.Qc2 Na6 12.Bf4 Qc8 13.Qb2 Rd8 14.Rac1 h6 15.a3 c5
16.Rfd1 Qe6 17.Ne5 Ne4 18.Be3 Bf6 19.Nf3 Qe7 20.Na2 Nc7 21.b4 Ne6 22.Qb1 cxd4
23.Nxd4 Nxd4 24.Bxd4 Bxd4 25.Rxd4 Qf6 26.Qd3 Qxf2+ 27.Kh1 Ba6 28.Qd1 Bxe2
29.Qg1 Qf6 30.Qe3 Nf2+ 31.Kg1 Ng4 32.Qf4 Qxf4 33.gxf4 Nf6 34.Nc3 Bc4 35.Rcd1 Kf8
36.Nxd5 Bxd5 37.Bxd5 Rxd5 38.Rxd5 Nxd5 39.Rxd5 Ke7 40.Kf2 Rc8 41.Rd3 Rc2+
42.Kg3 Ke6 43.h3 Rc6 44.Kf3 Rd6 45.Re3+ Kf6 46.Kg4 Rd4 47.Kg3 g5 48.fxg5+ hxg5
49.Rc3 Kg6 50.Kf2 Rd7 51.Ke3 f5 52.Rc6+ Kh5 53.Rf6 f4+ 54.Ke4 Re7+ 55.Kf5 f3
56.Rf8 Kh4 57.Kg6 Re6+ 58.Kg7 Kg3 59.Rf5 f2 60.Rxg5+ Kxh3 61.Rf5 Kg2 62.Rg5+ Kf3
63.Rf5+ Ke2  0-1

[Event "Berliner Sommer 16th"]
[Site "Berlin"]
[Date "1998.??.??"]
[Round "6"]
[White "Titzhoff, Frank"]
[Black "Tsiganova, Monika"]
[Result "0-1"]
[WhiteElo "2155"]
[BlackElo "2335"]

1.d4 Nf6 2.c4 e6 3.Nf3 b6 4.g3 Ba6 5.Nbd2 d5 6.Bg2 c6 7.Ne5 Bd6 8.cxd5 exd5
9.Ndf3 Ne4 10.O-O O-O 11.Qc2 Bb7 12.h4 Qe7 13.Bf4 c5 14.dxc5 bxc5 15.Nd3 Na6
16.Bxd6 Qxd6 17.Nf4 Nb4 18.Qb1 Rfe8 19.a3 Na6 20.Rd1 Rab8 21.Qc2 h6 22.Nd2 Qe5
23.Nxe4 dxe4 24.e3 Bc6 25.b4 Bb5 26.Qa2 Ba4 27.Rd5 Qc3 28.Ne2 Qf6 29.Nf4 Bb3
30.Qxb3 Qxa1+ 31.Rd1 Qf6 32.Nd5 Qe6 33.Bf1 cxb4 34.Bxa6 Qxa6 35.Nc7 Qxa3
36.Qd5 Red8 37.Qxd8+ Rxd8 38.Rxd8+ Kh7 39.Nd5 Qc1+ 40.Kg2 b3 41.Rf8 Qc5  0-1

[Event "Biel op"]
[Site "Biel"]
[Date "1998.??.??"]
[Round "3"]
[White "Antic, Dejan"]
[Black "Adianto, Utut"]
[Result "0-1"]
[WhiteElo "2460"]
[BlackElo "2615"]

1.d4 Nf6 2.c4 e6 3.Nf3 b6 4.g3 Ba6 5.b3 Bb4+ 6.Bd2 Be7 7.Bg2 c6 8.Bc3 d5
9.Ne5 Nfd7 10.Nxd7 Nxd7 11.Nd2 O-O 12.O-O b5 13.Re1 Rb8 14.a4 bxc4 15.bxc4 Qc7
16.e4 dxc4 17.Bf1 Bb4 18.Rc1 Bxc3 19.Rxc3 Qa5 20.Qa1 e5 21.Nxc4 Bxc4 22.Rxc4 exd4
23.Rxd4 Ne5 24.Re3 Ng4 25.Rc3 Qe5 26.Rxc6 Rbd8 27.Rd1 Qh5 28.h3 Ne5 29.Rcc1 Nf3+
30.Kh1 Nd2 31.Qb2 Nxf1 32.Rxf1 Qxh3+ 33.Kg1 Rd6 34.f3 Qxg3+ 35.Qg2 Qf4 36.Qh3 Rh6  0-1

[Event "Biel op"]
[Site "Biel"]
[Date "1998.??.??"]
[Round "11"]
[White "Joksic, Sinisa"]
[Black "Kunte, Abhijit"]
[Result "1-0"]
[WhiteElo "2335"]
[BlackElo "2460"]

1.d4 Nf6 2.c4 e6 3.Nf3 b6 4.g3 Ba6 5.Nbd2 Bb7 6.Bg2 c5 7.e4 d6 8.O-O cxd4
9.Nxd4 Qd7 10.Re1 Be7 11.a4 O-O 12.a5 bxa5 13.N2b3 Bd8 14.Nxa5 Bxa5 15.Rxa5 Qc7
16.Rb5 Ba6 17.e5 dxe5 18.Bxa8 Nbd7 19.Bg2 exd4 20.Bf4 Qxc4 21.Ra5 Nc5 22.Bd6 Rc8
23.Bxc5 Rxc5 24.b3  1-0

[Event "Bischwiller"]
[Site "Bischwiller"]
[Date "1998.??.??"]
[Round "4"]
[White "Ivanov, Mikhail M"]
[Black "Peter, Sebastien"]
[Result "1/2-1/2"]
[WhiteElo "2440"]
[BlackElo "2225"]

1.d4 e6 2.c4 Nf6 3.Nf3 b6 4.g3 Ba6 5.Nbd2 c5 6.Bg2 Bb7 7.e4 cxd4 8.O-O d6
9.Nxd4 Be7 10.b3 Qd7 11.Bb2 Nc6 12.Qe2 O-O 13.Kh1 Nxd4 14.Bxd4 Bc6 15.a4 Qb7
16.Rae1 a6 17.f4 b5 18.g4  1/2-1/2

[Event "Bodensee Cup 4th"]
[Site "Bodensee"]
[Date "1998.??.??"]
[Round "3"]
[White "Hertneck, Gerald"]
[Black "Zeller, Frank"]
[Result "1/2-1/2"]
[WhiteElo "2575"]
[BlackElo "2420"]

1.d4 Nf6 2.c4 e6 3.Nf3 b6 4.g3 Ba6 5.Nbd2 Bb7 6.Bg2 c5 7.O-O cxd4 8.Nxd4 Bxg2
9.Kxg2 Be7 10.b3 O-O 11.Bb2 Qc8 12.e3 a6 13.Qf3 Ra7 14.Rfd1 d6 15.a4 Nfd7
16.Kg1 Ne5 17.Qg2 Nec6 18.Rac1 Rd8 19.Ba3 Rc7 20.Rb1 Nd7 21.Nxc6 Rxc6 22.Nf3 Nc5
23.Nd4 Rc7 24.Qf3 d5 25.cxd5 Rxd5 26.Bxc5 Bxc5 27.Ne2  1/2-1/2

[Event "Slovan op"]
[Site "Bratislava"]
[Date "1998.??.??"]
[Round "5"]
[White "Chetverik, Maxim"]
[Black "Zetocha, Claudiu"]
[Result "1-0"]
[WhiteElo "2300"]
[BlackElo "2360"]

1.d4 Nf6 2.Nf3 e6 3.c4 b6 4.g3 Ba6 5.Qa4 Bb7 6.Bg2 c5 7.dxc5 Bxc5 8.Nc3 O-O
9.O-O Be7 10.Bf4 a6 11.Rfd1 d6 12.Rac1 Qc7 13.b4 Nbd7 14.Qa3 Rfc8 15.Na4 Qb8
16.c5 e5 17.Bg5 e4 18.Nh4 bxc5 19.bxc5 d5 20.Nf5 Bf8 21.Nd4 Bc6 22.Bxf6 Nxf6
23.Nb6 Qxb6 24.cxb6 Bxa3 25.Rxc6 Rcb8 26.Rb1 Rb7 27.Bh3 Rab8 28.Bc8  1-0

[Event "NLD-chT playoff 3-4"]
[Site "Breda"]
[Date "1998.??.??"]
[Round "?"]
[White "Van der Werf, Mark"]
[Black "Ligterink, Gert"]
[Result "1-0"]
[WhiteElo "2415"]
[BlackElo "2435"]

1.d4 Nf6 2.c4 e6 3.Nf3 b6 4.g3 Ba6 5.b3 Bb4+ 6.Bd2 Be7 7.Nc3 O-O 8.e4 d5
9.cxd5 Bxf1 10.Kxf1 exd5 11.e5 Ne4 12.Kg2 Qd7 13.Re1 Nxc3 14.Bxc3 Nc6 15.Ng1 Nd8
16.f4 f5 17.exf6 Bxf6 18.Nf3 Ne6 19.Rc1 c5 20.dxc5 Bxc3 21.Rxc3 bxc5 22.b4 d4
23.Rc1 Kh8 24.bxc5 Rac8 25.Ne5 Qd5+ 26.Qf3 Qxf3+ 27.Nxf3 Nxc5 28.Re5 Nd3
29.Rxc8 Rxc8 30.Rd5 Rc2+ 31.Kh3 h6 32.Rxd4 Nf2+ 33.Kh4 Rxa2 34.f5 Kh7 35.g4 Ra3
36.g5 Rd3 37.Rc4 Rd8 38.g6+ Kg8 39.Nd4 Ne4 40.Ne6 Nd6 41.Rc5 Rc8 42.Rd5 Rc6
43.Kg4 Rc4+ 44.Kf3 Rc6 45.Kf4 Rb6 46.Rd4 a5 47.Ke5 Nb7 48.Rd7 Rxe6+ 49.fxe6  1-0

[Event "Bucharest Fest IM (Women)"]
[Site "Bucharest"]
[Date "1998.??.??"]
[Round "?"]
[White "Barasiant, Mariana"]
[Black "Zatonskih, Anna"]
[Result "0-1"]
[WhiteElo "2000"]
[BlackElo "2320"]

1.d4 Nf6 2.c4 e6 3.Nf3 b6 4.g3 Ba6 5.Qa4 Bb7 6.Bg2 Be7 7.O-O O-O 8.Nc3 Ne4
9.Nxe4 Bxe4 10.Rd1 d6 11.d5 Nd7 12.Nd4 Nc5 13.Qa3 Bxg2 14.Kxg2 Bf6 15.b4 Bxd4
16.Rxd4 Nd7 17.Qc3 e5 18.Rd1 f5 19.a3 Qe8 20.f3 Qh5 21.Be3 f4 22.Bf2 e4 23.Bd4 Rae8
24.Ra2 Ne5 25.Bxe5 Rxe5 26.Rd4 Rf6 27.g4 Qh4 28.Qc1 exf3+ 29.exf3 Re1 30.Qc2 Rh6  0-1

[Event "Ciocaltea mem"]
[Site "Bucharest"]
[Date "1998.??.??"]
[Round "2"]
[White "Rogozenko, Dorin"]
[Black "Ionescu, Constantin"]
[Result "1/2-1/2"]
[WhiteElo "2495"]
[BlackElo "2495"]

1.d4 Nf6 2.c4 e6 3.Nf3 b6 4.g3 Ba6 5.Nbd2 c5 6.Bg2 Bb7 7.e4 cxd4 8.Nxd4 Bb4
9.Qe2 O-O 10.O-O Qc8 11.a3 Be7 12.b4 Nc6 13.N4b3 d6 14.Bb2 Nd7 15.f4 Bf6
16.Bxf6 Nxf6 17.e5 dxe5 18.fxe5 Nd7 19.Ne4 Qc7 20.Nd6 Rab8 21.Nxb7 Rxb7 22.b5 Ncxe5
23.Bxb7 Qxb7 24.Rac1 Rc8 25.Rc3 f6 26.h3 h6 27.Kh2 Nc5 28.Nxc5 Rxc5 29.Rd1 Qc7
30.Qd2 Kh7 31.Qc2+  1/2-1/2

[Event "Ciocaltea mem"]
[Site "Bucharest"]
[Date "1998.??.??"]
[Round "5"]
[White "Rogozenko, Dorin"]
[Black "Iordachescu, Viorel"]
[Result "1-0"]
[WhiteElo "2495"]
[BlackElo "2520"]

1.d4 Nf6 2.c4 e6 3.Nf3 b6 4.g3 Ba6 5.Nbd2 Bb7 6.Bg2 Be7 7.e4 Nxe4 8.Ne5 Nc3
9.Qh5 g6 10.Qh3 Nd5 11.cxd5 Bxd5 12.Bxd5 exd5 13.O-O O-O 14.Ndf3 d6 15.Nd3 a5
16.Bh6 Re8 17.Nf4 c6 18.Rac1 Bf6 19.Qg4 Ra7 20.h4 Rae7 21.h5 Qd7 22.Qxd7 Rxd7
23.Rfe1 Rxe1+ 24.Rxe1 Re7 25.Rxe7 Bxe7 26.hxg6 hxg6 27.Bg5 Kf8 28.Bxe7+ Kxe7
29.Kf1 Na6 30.Ke2 Nb4 31.a3 Na6 32.Ne1 Nc7 33.Ned3 b5 34.Ke3 Na8 35.Ne2 Nb6
36.Nec1 Nc4+ 37.Ke2 Ke6 38.Nb3 Kf5 39.f3 Ke6 40.Nd2 Nb6 41.Kf2 Kd7 42.Nf4 Nc8
43.Nb3 a4 44.Na1 Nb6 45.Nc2 Nc4 46.Nd3 Na5 47.Ke2 Nb3 48.Ke3 Ke6 49.Ncb4 Na5
50.Kf4 f6 51.Kg4 Kd7 52.f4 Nc4 53.Nc2 Ke6 54.f5+ gxf5+ 55.Kf4 Ne5 56.dxe5 fxe5+
57.Kg5 d4 58.Ncb4 c5 59.Na6 f4 60.gxf4 exf4 61.Kxf4 Kd5 62.Nc7+ Kc4 63.Ke4 b4
64.Nc1 bxa3 65.bxa3 Kc3 66.Nb5+ Kb2 67.Ne2 Kc2 68.Nexd4+ cxd4 69.Kxd4 Kb2
70.Kc4  1-0

[Event "Primavara"]
[Site "Bucharest"]
[Date "1998.??.??"]
[Round "11"]
[White "Itkis, Boris"]
[Black "Cioara, Andrei Nestor"]
[Result "1/2-1/2"]
[WhiteElo "2460"]
[BlackElo "2390"]

1.d4 Nf6 2.Nf3 e6 3.c4 b6 4.g3 Ba6 5.b3 Bb7 6.Bg2 Bb4+ 7.Bd2 a5 8.O-O O-O
9.a3 Be7 10.Bc3 d5 11.Nbd2 Nbd7 12.Bb2 Rc8 13.cxd5 exd5 14.Ne5 Re8 15.Rc1 c5
16.Nd3 Ba6 17.Nf4 Bd6 18.Re1 Bxf4 19.gxf4 c4 20.bxc4 dxc4 21.a4 b5 22.axb5 Bxb5
23.Bc3 Nf8 24.Rb1 Nd5 25.Bxd5 Qxd5 26.e4 Qd7 27.Qh5 f5 28.exf5 Bc6 29.Re5 Rxe5
30.fxe5 g6 31.Qg5 Qxf5 32.Qxf5 gxf5 33.Bxa5 Ne6 34.Nxc4 Nxd4 35.Nd6 Ra8  1/2-1/2

[Event "Budapest FS06 GM"]
[Site "Budapest"]
[Date "1998.??.??"]
[Round "4"]
[White "Roeder, Mathias"]
[Black "Hatanbaatar, Bazar"]
[Result "1-0"]
[WhiteElo "2435"]
[BlackElo "2445"]

1.d4 Nf6 2.c4 e6 3.Nf3 b6 4.g3 Ba6 5.Nbd2 Bb7 6.Bg2 c5 7.O-O cxd4 8.Nxd4 Bxg2
9.Kxg2 Qc7 10.Qa4 Be7 11.Nb5 Qb7+ 12.Nf3 a6 13.Nc3 O-O 14.Rd1 d6 15.Bf4 Rd8
16.a3 h6 17.h3 Nh5 18.Be3 Nd7 19.Qc2 Rac8 20.Qe4 Qc7 21.Nd2 Nhf6 22.Qd4 Nc5
23.Qf4 Nfd7 24.Rac1 Bg5 25.Qd4 e5 26.Qd5 Bxe3 27.fxe3 Nf6 28.Qf3 Qe7 29.b4 Ne6
30.Nde4 Nxe4 31.Nd5 Qa7 32.Qxe4 b5 33.h4 bxc4 34.Rxc4 a5 35.Rdc1 Rxc4 36.Qxc4 axb4
37.axb4 Kh8 38.g4 Rb8 39.g5 Qd7 40.Kf2 Nf8 41.Qe4 Qh3 42.gxh6 gxh6 43.Rc7 f5
44.Qg2 Qxh4+ 45.Qg3 Qxg3+ 46.Kxg3 Rb5 47.Nf6 Rxb4 48.Rf7 f4+ 49.Kf3 fxe3
50.Rxf8+ Kg7 51.Nd7 Rb3 52.Rf6 d5 53.Rd6 e4+ 54.Kf4 Rd3 55.Ne5 Rd1 56.Kxe3 h5
57.Ng6 Rh1 58.Nf4 h4 59.Rxd5 h3 60.Rh5 h2 61.Kxe4 Kf6 62.Kf3 Kg7 63.Nd3 Kg6
64.Rh3 Kg5 65.Nf2 Ra1 66.Rxh2  1-0

[Event "Budapest FS06 GM"]
[Site "Budapest"]
[Date "1998.??.??"]
[Round "6"]
[White "Bunzmann, Dimitrij"]
[Black "Hatanbaatar, Bazar"]
[Result "1-0"]
[WhiteElo "2390"]
[BlackElo "2445"]

1.d4 Nf6 2.Nf3 e6 3.c4 b6 4.g3 Ba6 5.b3 Bb4+ 6.Bd2 Be7 7.Bg2 c6 8.Bc3 d5
9.Ne5 Nfd7 10.Nxd7 Nxd7 11.Nd2 Rc8 12.O-O O-O 13.e4 c5 14.exd5 exd5 15.dxc5 dxc4
16.c6 cxb3 17.Re1 b2 18.Bxb2 Nc5 19.Nb3 Nd3 20.Re2 Nxb2 21.Rxb2 Bf6 22.Rd2 Qe7
23.Rc1 Rc7 24.Nd4 Qa3 25.Nc2 Qa5 26.Ne3 Re7 27.Nd5 Ree8 28.Nxf6+ gxf6 29.Bh3 Bc8
30.Bd7 Bxd7 31.cxd7 Rd8 32.Rc4 Qe5 33.Rd5 Qe6 34.Rh4 f5 35.Rd6 Qe7 36.Qh5 f6
37.Qxf5 Rf7 38.Rg4+ Kh8 39.Qd5 Rff8 40.Re4 Qg7 41.Qc6 Qf7 42.Ree6 Kg7 43.Qe4 Qg6
44.Re7+ Kh8 45.Qe6 Qg8 46.Qe2 Qg6 47.Rde6 Qb1+ 48.Kg2 Qf5 49.Re8 Qd5+ 50.Qf3 Qxf3+
51.Kxf3 Kg8 52.Rxd8  1-0

[Event "Magistral Int"]
[Site "Buenos Aires"]
[Date "1998.??.??"]
[Round "?"]
[White "Garcia Palermo, Carlos"]
[Black "Zarnicki, Pablo"]
[Result "1-0"]
[WhiteElo "2475"]
[BlackElo "2515"]

1.d4 e6 2.c4 Nf6 3.Nf3 b6 4.g3 Ba6 5.b3 Bb4+ 6.Bd2 Be7 7.Bg2 c6 8.Bc3 d5
9.Nbd2 Nbd7 10.O-O O-O 11.Qc2 c5 12.Rfd1 Rc8 13.Qb2 Qc7 14.Rac1 dxc4 15.Nxc4 b5
16.Ba5 Qb8 17.Nce5 b4 18.Nxd7 Nxd7 19.dxc5 Nxc5 20.Nd4 Bf6 21.Bf3 e5 22.Nc6 Qb5
23.Rxc5 Qxc5 24.Bxb4 Qb6 25.Bxf8 e4 26.Ne7+ Kxf8 27.Nxc8 Qa5 28.Qc2 exf3
29.exf3 g6 30.Nd6 Qh5 31.Qc6 Be2 32.Qe8+ Kg7  1-0

[Event "Golden Cleopatra"]
[Site "Cairo"]
[Date "1998.??.??"]
[Round "8"]
[White "Ovsejevitsch, Sergei"]
[Black "Labib, Ibrahim Hasan"]
[Result "1-0"]
[WhiteElo "2475"]
[BlackElo "2305"]

1.d4 Nf6 2.c4 e6 3.Nf3 b6 4.g3 Ba6 5.b3 Bb4+ 6.Bd2 Be7 7.Bg2 c6 8.Bc3 d5
9.Ne5 Nfd7 10.Nxd7 Nxd7 11.Nd2 f5 12.O-O O-O 13.Rc1 Rc8 14.Re1 Qe8 15.Bb2 Bb7
16.e3 Bd6 17.Nf3 Qh5 18.h4 h6 19.Ne5 Qxd1 20.Rexd1 Nxe5 21.dxe5 Be7 22.h5 Rfd8
23.f4 Ba6 24.Bf1 dxc4 25.bxc4 Kf7 26.Kf2 Rxd1 27.Rxd1 Rd8 28.Rxd8 Bxd8 29.e4 fxe4
30.Ke3 Be7 31.Kxe4 b5 32.cxb5 Bxb5 33.Bd3 a6 34.Ke3 c5 35.Bc3 Kf8 36.g4 c4
37.Be4 Bc5+ 38.Kf3 Ba4 39.f5 Bd7 40.Kf4 Be7 41.Bb7 exf5 42.gxf5 Bb5 43.Bd5 Ba3
44.Kg4 Bc5 45.Kf4 Ba3 46.Ke4 Bc5 47.Bb7 Ba3 48.Kd4 Be8 49.Bf3 Bd7 50.Bg4 Bb5
51.Kd5 Be7 52.f6 gxf6 53.exf6 Ba3 54.Bf5 Be8 55.Bg6 Bf7+ 56.Kc6 a5 57.Kb5 Bd5
58.Kxa5 Bf7 59.Bxf7 Kxf7  1-0

[Event "Golden Cleopatra"]
[Site "Cairo"]
[Date "1998.??.??"]
[Round "9"]
[White "Ghitescu, Theodor"]
[Black "Sarwat, Walaa"]
[Result "0-1"]
[WhiteElo "2355"]
[BlackElo "2310"]

1.d4 Nf6 2.c4 e6 3.Nf3 b6 4.g3 Ba6 5.Nbd2 c5 6.Bg2 Bb7 7.O-O cxd4 8.Nxd4 Bxg2
9.Kxg2 Qc8 10.Qa4 Na6 11.N2f3 Be7 12.Bf4 O-O 13.Rac1 Nc5 14.Qc2 Qb7 15.Rfd1 Nce4
16.h3 g5 17.Be3 g4 18.hxg4 Nxg4 19.Qd3 f5 20.Nb5 Rad8 21.Qb3 Rf6 22.Rh1 a6
23.Nbd4 Nc5 24.Qc3 Rg6 25.Rcf1 Ne4 26.Qb3 Rf8 27.Rh3 Nxe3+ 28.Qxe3 f4 29.Qd3 fxg3
30.fxg3 Bd6 31.Rfh1 Rf7  0-1

[Event "Cannes op"]
[Site "Cannes"]
[Date "1998.??.??"]
[Round "7"]
[White "Kogan, Artur"]
[Black "Dorfman, Josif D"]
[Result "0-1"]
[WhiteElo "2505"]
[BlackElo "2600"]

1.d4 Nf6 2.c4 e6 3.Nf3 b6 4.g3 Ba6 5.b3 Bb7 6.Bg2 Bb4+ 7.Bd2 c5 8.O-O O-O
9.Bc3 Na6 10.Bb2 cxd4 11.Qxd4 Be7 12.Nc3 d6 13.Rad1 Nc5 14.Ne1 Qb8 15.Nc2 Rd8
16.Rfe1 Bxg2 17.Kxg2 Qb7+ 18.f3 a6 19.e4 b5 20.Ne3 b4 21.Ne2 a5 22.Nc1 Ne8
23.Ng4 h5 24.Nf2 Bf6 25.Qd2 Bxb2 26.Qxb2 e5 27.Rd2 Nc7 28.Nfd3 N7e6 29.Ne2 Qb6
30.Red1 Na6 31.Ne1 h4 32.Nd3 Qe3 33.Nf2 Qb6 34.Ng4 Nac5 35.Qc2 a4 36.Ne3 h3+
37.Kxh3 axb3 38.axb3 Nxe4 39.c5 Qxc5 40.Qxc5 N4xc5 41.Nf5 Nxb3 42.Rb2 Ra3
43.Ne7+ Kh7 44.Nc6 Rda8 45.Nxb4 R8a4 46.Nd5 Ned4 47.Nb6 Ra6 48.Nxd4 Nxd4
49.f4 Rc3 50.Kg4 Rc6 51.Nd5 Rc5 52.Ne3 Ra3 53.Nf5 Nxf5 54.Kxf5 exf4+ 55.Kxf4 Rc4+
56.Kf5 Re3 57.Rb5 Rc2 58.Rxd6 Rxh2 59.Kf4 Rc3 60.Rb4  0-1

[Event "Cappelle op"]
[Site "Cappelle la Grande"]
[Date "1998.??.??"]
[Round "5"]
[White "Izeta Txabarri, Felix"]
[Black "Stefansson, Hannes"]
[Result "1/2-1/2"]
[WhiteElo "2475"]
[BlackElo "2540"]

1.d4 Nf6 2.Nf3 e6 3.c4 b6 4.g3 Ba6 5.b3 d5 6.Bg2 Bb4+ 7.Bd2 Bd6 8.cxd5 exd5
9.Nc3 O-O 10.Ne5 Re8 11.O-O Bb7 12.Bg5 Be7 13.Rc1 Na6 14.Re1 h6 15.Bf4 Bb4
16.Nd3 Ba3 17.Rc2 Bf8 18.Qc1 Ne4 19.a3 c5 20.dxc5 bxc5 21.Nxe4 dxe4 22.Nb2 Qf6
23.Nc4 Rad8 24.Rd1 Rxd1+ 25.Qxd1 Rd8 26.Rd2 Rxd2 27.Qxd2 Qa1+ 28.Qc1 Qxc1+
29.Bxc1 Nc7 30.Bb2 Ne6 31.e3 Ng5 32.h4 Nf3+ 33.Kf1 g5 34.hxg5 hxg5 35.Ke2 Bd5
36.Bxf3 exf3+ 37.Kd3 f5 38.Bf6 g4 39.Be5 Kf7 40.Bb8 a6  1/2-1/2

[Event "Creon op"]
[Site "Creon"]
[Date "1998.??.??"]
[Round "8"]
[White "Prakken, Gerrit"]
[Black "Hartereau, Philippe"]
[Result "0-1"]
[WhiteElo "2255"]
[BlackElo "2180"]

1.d4 Nf6 2.Nf3 e6 3.c4 b6 4.g3 Ba6 5.b3 Bb4+ 6.Bd2 Be7 7.Nc3 c6 8.e4 d5 9.e5 Ne4
10.Bd3 Nxc3 11.Bxc3 c5 12.dxc5 Bxc5 13.O-O Bb7 14.Qe2 dxc4 15.bxc4 Nd7 16.Rad1 Qc7
17.Ng5 Be7 18.h4 Nc5 19.Bb1 Bxg5 20.hxg5 Rd8 21.Rd6 O-O 22.Qg4 Rxd6 23.exd6 Qxd6
24.Qh4 g6 25.Bf6 Rc8 26.Qh6 Qf8 27.Qh4 Nd7 28.Rd1 Nxf6 29.gxf6 Rd8 30.Re1 Qb4
31.Rf1 Qd2 32.Be4 Rd4 33.f3 Qe3+ 34.Kg2 Bxe4 35.fxe4 Rd2+  0-1

[Event "CZE-chT 9899"]
[Site "CZE"]
[Date "1998.??.??"]
[Round "3"]
[White "Voloshin, Leonid"]
[Black "Berzinsh, Roland"]
[Result "0-1"]
[WhiteElo "2440"]
[BlackElo "2445"]

1.d4 Nf6 2.c4 e6 3.Nf3 b6 4.g3 Ba6 5.b3 Bb4+ 6.Bd2 Be7 7.Bg2 c6 8.O-O d5
9.Qc2 Nbd7 10.a4 O-O 11.a5 Ne4 12.Be1 b5 13.c5 f5 14.b4 Bf6 15.Nbd2 Qe8 16.Nb3 g5
17.Rd1 g4 18.Nfd2 Qh5 19.Nxe4 fxe4 20.Bxe4 dxe4 21.Qxe4 Rae8 22.Qxc6 Nb8
23.Qe4 Re7 24.c6 Qd5 25.Qxd5 exd5 26.e4 Nxc6 27.exd5 Nd8 28.Nc5 Bb7 29.d6 Re2
30.d5 Rf7 31.a6 Bc8 32.Bd2 Bf5 33.Rfe1 Bc2 34.Rxe2 Bxd1 35.Re8+ Rf8 36.Re7 Bxe7
37.dxe7 Re8 38.exd8=Q Rxd8 39.Ne4 Bf3 40.Nc3 Bxd5 41.Be3 Bf3 42.Kf1 Rd3  0-1

[Event "Decin op-A"]
[Site "Decin"]
[Date "1998.??.??"]
[Round "6"]
[White "Kamenets, Anatolij"]
[Black "Sleich, Jan"]
[Result "0-1"]
[WhiteElo "2305"]
[BlackElo "2230"]

1.d4 Nf6 2.c4 e6 3.Nf3 b6 4.g3 Ba6 5.Qa4 Bb7 6.Bg2 Be7 7.O-O O-O 8.Nc3 Ne4
9.Qc2 Nxc3 10.Qxc3 d6 11.Qd3 g6 12.Bh6 Re8 13.e4 Nd7 14.Rfe1 Bf8 15.Bxf8 Rxf8
16.Qe3 e5 17.d5 a5 18.Bh3 Nc5 19.Nh4 c6 20.Qh6 cxd5 21.Nf5 Qf6 22.g4 Ne6
23.cxd5 Nd4 24.Rac1 Rac8 25.g5 Nf3+ 26.Kf1 Nxg5 27.Rxc8 Bxc8 28.Rc1 Ba6+
29.Ke1 Nxh3 30.Rc7 Re8 31.Rd7 Bb5 32.Rxd6 Qh8 33.Rxb6 gxf5 34.Qxh3 Bd7 35.Rb3 Qf6
36.Rf3 Kh8 37.exf5 e4 38.Rf4 Qxb2 39.Rh4 Qc1+  0-1

[Event "Sparkasse GM"]
[Site "Dortmund"]
[Date "1998.??.??"]
[Round "?"]
[White "Mikhalchishin, Adrian"]
[Black "Bojkovic, Natasa"]
[Result "1/2-1/2"]
[WhiteElo "2530"]
[BlackElo "2420"]

1.d4 Nf6 2.c4 e6 3.Nf3 b6 4.g3 Ba6 5.b3 Bb4+ 6.Bd2 Be7 7.Nc3 c6 8.e4 d5 9.cxd5 cxd5
10.e5 Nfd7 11.Bxa6 Nxa6 12.O-O O-O 13.a3 Rc8 14.Qe2 Nab8 15.Rfe1 Nc6 16.b4  1/2-1/2

[Event "Centrocoop June op-A"]
[Site "Eforie Nord "]
[Date "1998.??.??"]
[Round "?"]
[White "Iordache, Traian"]
[Black "Tikhomirov, Sergei"]
[Result "0-1"]
[WhiteElo "2225"]
[BlackElo "2435"]

1.d4 Nf6 2.Nf3 e6 3.c4 b6 4.g3 Ba6 5.b3 Bb4+ 6.Bd2 Be7 7.Bg2 Bb7 8.O-O c5
9.Bc3 cxd4 10.Bxd4 O-O 11.Nbd2 Qc7 12.Bb2 Na6 13.Rc1 Rfd8 14.Qc2 Nc5 15.Ng5 Bxg2
16.Kxg2 Qc6+ 17.Kg1 h6 18.Ngf3 Rac8 19.Rfd1 Qb7 20.Qb1 Rc7 21.Ne5 Rdc8 22.Nd3 Nce4
23.Nxe4 Nxe4 24.Be5 d6 25.Bd4 Bg5 26.f4 Bf6 27.Bxf6 Nxf6 28.Nf2 d5 29.cxd5 Nxd5
30.Rxc7 Qxc7 31.Qd3 Qc5 32.e4 Nc3 33.Rd2 b5 34.Kg2 b4 35.h4 Qa5 36.Ng4 Qc7
37.Kh2 Qb7 38.e5 Nd5 39.Qe4 Rc1 40.Nf2 Qb6 41.Rc2 Rxc2 42.Qxc2 Nc3 43.Ne4 Qe3
44.Nd6 Ne2 45.Qc8+ Kh7 46.Kg2 Qxg3+ 47.Kf1 Nd4 48.Qb7 Qxf4+ 49.Kg2 Qg4+ 50.Kf1 Qe2+  0-1

[Event "Centrocoop Sept op-A"]
[Site "Eforie Nord"]
[Date "1998.??.??"]
[Round "?"]
[White "Udalkin, Ruslan A"]
[Black "Cioara, Andrei Nestor"]
[Result "1/2-1/2"]
[WhiteElo "2180"]
[BlackElo "2345"]

1.d4 Nf6 2.c4 e6 3.Nf3 b6 4.g3 Ba6 5.b3 Bb7 6.Bg2 Bb4+ 7.Bd2 a5 8.a3 Be7
9.Nc3 d5 10.Ne5 O-O 11.O-O Na6 12.Qc2 c5 13.Nb5 Rc8 14.Qb2 cxd4 15.Nxd4 Nc5
16.Rfd1 Nfe4 17.Be3 Bd6 18.Ndf3 Qe7 19.Nd3 dxc4 20.bxc4 Na4 21.Qb3 Nac3 22.Re1 a4
23.Qxb6 Rxc4 24.Nfe5 Rcc8 25.Qb2 Bd5 26.f3 Rb8 27.Qc1 Rfc8 28.fxe4 Nxe4 29.Qd1 Bb3
30.Qb1 Bd5  1/2-1/2

[Event "Eger Agria op"]
[Site "Eger Agria"]
[Date "1998.??.??"]
[Round "7"]
[White "Domotor, Jozsef"]
[Black "Pap, Janos"]
[Result "1/2-1/2"]
[WhiteElo "2060"]
[BlackElo "2165"]

1.d4 Nf6 2.Nf3 e6 3.c4 b6 4.g3 Ba6 5.Qa4 c5 6.Bg2 Bb7 7.O-O Nc6 8.dxc5 Bxc5
9.Nc3 O-O 10.Qd1 Rc8  1/2-1/2

[Event "FIN-chT9899"]
[Site "FIN"]
[Date "1998.??.??"]
[Round "2"]
[White "Tuominen, Risto"]
[Black "Hokkanen, Petri"]
[Result "0-1"]
[WhiteElo "2190"]
[BlackElo "2225"]

1.d4 Nf6 2.c4 e6 3.Nf3 b6 4.g3 Ba6 5.Nbd2 Bb7 6.Bg2 c5 7.e4 cxd4 8.O-O d6
9.Nxd4 Qc8 10.Qe2 Nbd7 11.b4 Be7 12.Bb2 O-O 13.Rfc1 a6 14.N2b3 Qc7 15.a4 a5
16.Nb5 Qc8 17.bxa5 bxa5 18.Bc3 Nc5 19.Nxc5 dxc5 20.Qe1 Qc6 21.f3 Bd8 22.Rd1 Bc7
23.Rab1 Rfd8 24.Nxc7 Rxd1 25.Qxd1 Qxc7 26.e5 Ne8 27.Rxb7 Qxb7 28.f4 Qa7 29.Bxa8 Qxa8
30.Qd7 g6 31.Qb5 h5 32.Bxa5 Ng7 33.Be1 Qe4 34.Bf2 h4 35.a5 Qe2 36.Qb3 Qd2
37.a6 h3 38.Qb1 Qa5 39.Qf1 Qxa6 40.Bxc5 Qc6 41.Bf2 Nf5 42.g4 Ne7 43.Bh4 Qc5+
44.Bf2 Qc6 45.Be3 Qe4 46.Kf2 g5 47.fxg5 Qxg4 48.Qe2 Qh4+ 49.Kf1 Nc6 50.Bf2 Qxg5
51.Qe3 Qf5 52.c5 Nxe5 53.Qg3+ Ng6 54.Ke2 Kh7 55.Be3 Qc2+ 56.Kf3 Qf5+ 57.Ke2 e5
58.Qg5 Qc2+ 59.Bd2 e4 60.Qg3 Qc4+ 61.Ke1  0-1

[Event "FIN-chT9899"]
[Site "FIN"]
[Date "1998.??.??"]
[Round "4"]
[White "Veingold, Aleksandr"]
[Black "Sammalvuo, Tapani"]
[Result "1-0"]
[WhiteElo "2475"]
[BlackElo "2395"]

1.d4 Nf6 2.Nf3 e6 3.c4 b6 4.g3 Ba6 5.Nbd2 Bb7 6.Bg2 c5 7.e4 cxd4 8.O-O d6
9.Nxd4 Qd7 10.a4 Nc6 11.Nxc6 Bxc6 12.b4 a5 13.b5 Bb7 14.c5 dxc5 15.Nc4 Qxd1
16.Rxd1 Bxe4 17.Nxb6 Rb8 18.Nc4 Bxg2 19.Kxg2 Nd5 20.Bf4 Nxf4+ 21.gxf4 Be7
22.Nxa5 Bf6 23.Rab1 O-O 24.b6 Rfc8 25.b7 Rc7 26.Rd6 g6 27.Rc6  1-0

[Event "FIN-chT 9798"]
[Site "Finland"]
[Date "1998.??.??"]
[Round "7"]
[White "Koskinen, Henri"]
[Black "Hentunen, Asko"]
[Result "1/2-1/2"]
[WhiteElo "2290"]
[BlackElo "2305"]

1.d4 Nf6 2.c4 e6 3.Nf3 b6 4.g3 Ba6 5.b3 d5 6.Bg2 c6 7.O-O Be7 8.Bb2 O-O 9.Ne5 Nfd7
10.Nxd7 Nxd7 11.Nd2 b5 12.Qc2 bxc4 13.bxc4 Rb8 14.Bc3 Nb6 15.Ba5 Qc8 16.Bxb6 Rxb6
17.Rfc1 Qb7 18.Nb3 Ba3 19.c5 Rb4 20.Rcb1 Rb8 21.Bf1 Bc4 22.Nd2 Bb2 23.a3 Bxa3
24.Rxa3 Rxb1 25.Nxb1 Qxb1 26.Qxb1 Rxb1 27.Rxa7 Kf8 28.Kg2 Rd1 29.Ra8+ Ke7
30.Ra7+ Kf6 31.Rc7 Bb5 32.h3 h6 33.g4 g5 34.Rc8 Kg6 35.Rg8+ Kh7 36.Rc8 Kg7
37.Rc7 Kg6 38.Rc8 Kg7 39.Rc7 Kf6 40.Rc8 Kg6 41.Rc7 f5 42.Re7 Kf6 43.Rh7 f4
44.f3 Rxd4 45.Rxh6+ Kf7 46.h4 gxh4 47.Rxh4 Rc4 48.g5 e5 49.Rh6 Rxc5 50.Kf2 Rc2
51.Rf6+ Kg7 52.Re6 d4 53.Ke1 Rc1+ 54.Kf2 Rc5 55.Ke1 Bc4 56.Rf6 Bf7 57.Bh3 Rc3
58.Bf5 c5 59.Rc6 Rc1+ 60.Kd2 Rg1 61.Rc7 Kf8 62.Rc8+ Ke7 63.Rc7+  1/2-1/2

[Event "Pyramiden Franken Cup"]
[Site "Fuerth"]
[Date "1998.??.??"]
[Round "5"]
[White "Arnold, Johannes"]
[Black "Wilhelmi, Christian"]
[Result "0-1"]
[WhiteElo "2325"]
[BlackElo "2470"]

1.d4 Nf6 2.c4 e6 3.Nf3 b6 4.g3 Ba6 5.b3 d5 6.Qc2 c5 7.Bg2 Nc6 8.cxd5 Nxd5
9.Bb2 Rc8 10.O-O cxd4 11.Qd1 d3 12.exd3 Nf6 13.Re1 Be7 14.d4 Nd5 15.a3 O-O
16.Nbd2 Bb7 17.Nc4 Bf6 18.Nfe5 g6 19.h4 Nce7 20.h5 Nf5 21.Qg4 Bg7 22.hxg6 hxg6
23.Rad1 b5 24.Nd2 Rc2 25.Ba1 Nf6 26.Qh3 Bxg2 27.Qxg2 Qa5 28.Ne4 Nd5 29.Ng5 Bh6
30.Qe4 Rc7 31.Nexf7 Rcxf7 32.Nxf7 Rxf7 33.Qxe6 Nfe7 34.Qd7 Qxa3 35.Qxb5 Qd6
36.Bb2 Be3 37.Qe8+ Rf8 38.Qxf8+ Kxf8 39.fxe3 Qxg3+ 40.Kf1 Nxe3+  0-1

[Event "BL2-S9798"]
[Site "Germany"]
[Date "1998.??.??"]
[Round "?.1"]
[White "Schwalfenberg, Joerg"]
[Black "Heidenfeld, Mark"]
[Result "1-0"]
[WhiteElo "2355"]
[BlackElo "2315"]

1.d4 Nf6 2.Nf3 e6 3.c4 b6 4.g3 Ba6 5.Qa4 Be7 6.Bg2 Bb7 7.O-O O-O 8.Nc3 Ne4
9.Qc2 Nxc3 10.Qxc3 d5 11.Bf4 Bd6 12.Bxd6 Qxd6 13.Rfc1 c6 14.Ne5 Nd7 15.cxd5 exd5
16.Nxc6 Rac8 17.Bxd5 Kh8 18.Bf3  1-0